Fundamentals of ecology

Zapisane w:
Opis bibliograficzny
1. autor: Odum, Eugene P.
Format: Książka
Język:Undetermined
Wydane: Belmont, CA . Thomson/Brooks/cole 2005
Hasła przedmiotowe:
Etykiety: Dodaj etykietę
Nie ma etykietki, Dołącz pierwszą etykiete!
Thư viện lưu trữ: Trung tâm Học liệu Trường Đại học Cần Thơ
LEADER 00567nam a2200205Ia 4500
001 CTU_127978
008 210402s9999 xx 000 0 und d
020 |c 2157000 
082 |a 577 
082 |b O.27 
100 |a Odum, Eugene P. 
245 0 |a Fundamentals of ecology 
245 0 |c Eugene P. Odum, Gary W. Barrett. 
260 |a Belmont, CA . 
260 |b Thomson/Brooks/cole 
260 |c 2005 
650 |a Ecology,Sinh thái học 
650 |x Textbooks.,Sách giáo khoa 
904 |i Minh 
980 |a Trung tâm Học liệu Trường Đại học Cần Thơ